000 00720cam a22002533a 4500
001 25098
003 PGUSA
005 20140828083535.0
008 080418s2008||||xxu|||||s|||||000 | eng d
040 _aPGUSA
_beng
042 _adc
050 4 _aGN
100 1 _aDopp, Katharine Elizabeth,
_d1863-
245 1 4 _aThe Tree-Dwellers
_h[electronic resource] /
_cKatharine Elizabeth Dopp
260 _bProject Gutenberg,
_c2008
506 _aPublic domain in the USA.
516 _aElectronic text
653 _aReaders
653 _aPrehistoric peoples -- Juvenile literature
700 1 _aBrown, Howard V.
830 0 _aProject Gutenberg
_v25098
856 4 0 _uhttp://www.gutenberg.org/ebooks/25098
942 _cEB
999 _c254353
_d254353